¿ Qué es el capitalismo democrático?. Esclarecedores ensayos para una definición de este polémico tema /

Uloženo v:
Podrobná bibliografie
Hlavní autor: Baumann, Fred
Další autoři: comp. Lloveras, Emilio trad
Médium: Text
Vydáno: Barcelona: Gedisa
Tagy: Přidat tag
Žádné tagy, Buďte první, kdo vytvoří štítek k tomuto záznamu!

MARC

LEADER 00000 a a2200000 04500
001 22614
003
040
020 |a 84-7432-316-9  
090 |a 154400  
100 |a Baumann, Fred  
245 |a ¿ Qué es el capitalismo democrático?. Esclarecedores ensayos para una definición de este polémico tema /  |c Fred Baumann 
260 |a Barcelona:   |b Gedisa  
300 |a 207 p.  
700 |a comp.   |a Lloveras, Emilio   |a trad.  
999 |c 15606  |d 15606